opac header image

Linear algebra : (Record no. 36665)

MARC details
000 -LEADER
fixed length control field 01716 a2200241 4500
003 - CONTROL NUMBER IDENTIFIER
control field NISER
005 - DATE AND TIME OF LATEST TRANSACTION
control field 20251231161910.0
008 - FIXED-LENGTH DATA ELEMENTS--GENERAL INFORMATION
fixed length control field 251231b |||||||| |||| 00| 0 hin d
020 ## - INTERNATIONAL STANDARD BOOK NUMBER
International Standard Book Number 9789811215964
Qualifying information Paperback
040 ## - CATALOGING SOURCE
Original cataloging agency NISER LIBRARY
Language of cataloging eng
Transcribing agency NISER LIBRARY
082 00 - DEWEY DECIMAL CLASSIFICATION NUMBER
Classification number 512.64
Item number ATA-L
100 1# - MAIN ENTRY--PERSONAL NAME
Personal name Atanasiu, Dragu
245 10 - TITLE STATEMENT
Title Linear algebra :
Remainder of title core topics for the first course
260 ## - PUBLICATION, DISTRIBUTION, ETC. (IMPRINT)
Place of publication, distribution, etc. New Jersey :
Name of publisher, distributor, etc. World Scientific,
Date of publication, distribution, etc. 2020.
300 ## - PHYSICAL DESCRIPTION
Extent xii, 452 pages ;
Dimensions 25 cm
504 ## - BIBLIOGRAPHY, ETC. NOTE
Bibliography, etc Includes bibliographical references and index.
520 ## - SUMMARY, ETC.
Summary, etc. The book is an introduction to linear algebra intended as a textbook for the first course in linear algebra. In the first six chapters we present the core topics: matrices, the vector space ℝn, orthogonality in ℝn, determinants, eigenvalues and eigenvectors, and linear transformations. The book gives students an opportunity to better understand linear algebra in the next three chapters: Jordan forms by examples, singular value decomposition, and quadratic forms and positive definite matrices.<br/><br/>In the first nine chapters everything is formulated in terms of ℝn. This makes the ideas of linear algebra easier to understand. The general vector spaces are introduced in Chapter 10. The last chapter presents problems solved with a computer algebra system. At the end of the book we have results or solutions for odd numbered exercises.
650 #0 - SUBJECT ADDED ENTRY--TOPICAL TERM
Topical term or geographic name as entry element Algebras, Linear
700 1# - ADDED ENTRY--PERSONAL NAME
Personal name Mikusiński, Piotr
856 ## - ELECTRONIC LOCATION AND ACCESS
Materials specified Table of contents
Uniform Resource Identifier <a href="https://www.worldscientific.com/doi/reader/10.1142/9789811215032_fmatter">https://www.worldscientific.com/doi/reader/10.1142/9789811215032_fmatter</a>
856 ## - ELECTRONIC LOCATION AND ACCESS
Materials specified Reviews
Uniform Resource Identifier <a href="https://www.goodreads.com/book/show/49185196-linear-algebra?ref=nav_sb_ss_1_13#CommunityReviews">https://www.goodreads.com/book/show/49185196-linear-algebra?ref=nav_sb_ss_1_13#CommunityReviews</a>
942 ## - ADDED ENTRY ELEMENTS (KOHA)
Koha item type Book
Source of classification or shelving scheme Universal Decimal Classification
Holdings
Withdrawn status Lost status Source of classification or shelving scheme Damaged status Not for loan Home library Current library Date acquired Source of acquisition Cost, normal purchase price Total Checkouts Full call number Barcode Date last seen Cost, replacement price Price effective from Koha item type
    Universal Decimal Classification     NISER LIBRARY NISER LIBRARY 29/12/2025 21 6168.96   512.64 ATA-L 26278 30/12/2025 4626.72 29/12/2025 Book